S-Bahn Zürich #4 - Statistiken

Allgemein
  • Dieses Quiz wurde 56 mal gespielt
  • Das Durchschnittsergebnis liegt bei 60 aus 90
Antwortstatistiken
S-Bahn Bahnhof % Korrekt
Zürich HB
100%
S21 Zürich HB
100%
S23 Zürich HB
100%
Zürich HB
100%
S25 Zürich HB
100%
Oerlikon
95%
Oerlikon
95%
Stadelhofen
89%
Stadelhofen
89%
Wädenswil
89%
Winterthur
89%
Winterthur
89%
S26 Winterthur
89%
Enge
84%
Hardbrücke
84%
Hardbrücke
84%
Turbenthal
84%
Wald
84%
Wollishofen
84%
Ziegelbrücke
84%
Grüze
79%
Kilchberg
79%
Lachen
79%
Pfäffikon SZ
79%
Schaffhausen
79%
Schwanden
79%
Siebnen-Wangen
79%
Wiedikon
79%
Wipkingen
79%
Zürich Flughafen
79%
Bauma
74%
Fischenthal
74%
Frauenfeld
74%
Frauenfeld
74%
Glarus
74%
Linthal
74%
Seen
74%
Thalwil
74%
Weinfelden
74%
Weinfelden
74%
S24 Zug
74%
Affoltern
68%
Baar
68%
Bassersdorf
68%
Effretikon
68%
Kemptthal
68%
Küsnacht
68%
Meilen
68%
Näfels-Mollis
68%
Netstal
68%
Rikon
68%
Stäfa
68%
Wila
68%
2. Zw Andelfingen
63%
Braunwaldbahn
63%
Ennenda
63%
Männedorf
63%
Neuhausen
63%
Rämismühle-Zell
63%
Regensdorf-Watt
63%
Romanshorn
63%
Rüschlikon
63%
Sennhof-Kyburg
63%
Thayngen
63%
S20 Uerikon
63%
Horgen Oberdorf
58%
1. Zw Oberwinterthur
58%
Dürnten
53%
Luchsingen-Hätzingen
53%
Oberrieden Dorf
53%
Rüti ZH
53%
Saland
53%
Diesbach-Betschwanden
47%
Mitlödi
47%
Rüti GL
47%
Wiesendangen
47%
Amriswil
42%
Gibswil
42%
Kollbrunn
42%
Leuggelbach
42%
Steg
42%
Herblingen
37%
Nidfurn-Haslen
37%
Islikon
32%
Sulgen
32%
Felben-Wellhausen
26%
Märstetten
26%
Müllheim-Wigoltingen
26%
Rickenbach-Attikon
26%
Mettendorf
11%
Keine übereinstimmenden Quizze gefunden
Verteilung der Resultate
Anzahl Personen mit jedem Resultat
Perzentil nach korrekt beantworteten Fragen
Ihre Resultats-Entwicklung
Sie haben dieses Quiz noch nicht gespielt